| 000 | 00499nam a2200205Ia 4500 | ||
|---|---|---|---|
| 003 | OSt | ||
| 005 | 20250204151701.0 | ||
| 008 | 231217s9999 xx 000 0 und d | ||
| 020 | _a9788129704559 | ||
| 040 | _c0 | ||
| 041 | _aEnglish | ||
| 082 | _a621.3811 DOR;65 | ||
| 100 | _aDorf, Richard C. Bishop, Robert H. | ||
| 245 | 0 | _aModern control systems | |
| 250 | _a8th ed. | ||
| 260 |
_c1998 _bPearson Education _aNew Delhi |
||
| 300 | _axxiv, 855 | ||
| 650 | _acontrol | ||
| 942 |
_cAA _2ddc |
||
| 999 |
_c196685 _d196685 |
||